000 00669cam a2200241 4500
001 J1456
008 090401t1993 xxu||||| |||| 00| 0 eng d
035 _a(Sirsi) u43528
041 _aeng
050 _a338.4369
100 _aRutter, D.K.
245 _aConstruction economics: is there such a thing?
260 _aAscot, Berks.
_bChartered Institute of Building
_c1993
300 _a8p. ; 30cm.
350 _a0
490 _aConstruction Papers
_v18
650 _aBUILDING ECONOMICS
650 _aBUILDING INDUSTRY
690 _aBUILDING AND CONSTRUCTION-ECONOMICS
710 _aChartered Institute of Building
_92134
942 _n0
948 _c04/03/1997
999 _c91349
_d91349